Mineralogy / (Record no. 63664)

MARC details
000 -LEADER
fixed length control field 00828nam a22002537a 4500
005 - DATE AND TIME OF LATEST TRANSACTION
control field 2012030201191.0
008 - FIXED-LENGTH DATA ELEMENTS--GENERAL INFORMATION
fixed length control field 120302t xxu||||| |||| 00| 0 eng d
010 ## - LCCN (DPL NO)
LC control number ENG-104851
020 ## - INTERNATIONAL STANDARD BOOK NUMBER
International Standard Book Number 9788120345089
Terms of availability 525.00
035 ## - SYSTEM CONTROL NUMBER
System control number EN-88384
037 ## - SOURCE OF ACQUISITION
Source of stock number/acquisition DBAD/PUB
040 ## - CATALOGING SOURCE
Original cataloging agency DPL
Language of cataloging Eng
082 ## - DEWEY DECIMAL CLASSIFICATION NUMBER
Classification number 549
100 ## - MAIN ENTRY--PERSONAL NAME
Personal name Perkins, Dexter
9 (RLIN) 21899
245 ## - TITLE STATEMENT
Title Mineralogy /
Statement of responsibility, etc by Dexter Perkins
250 ## - EDITION STATEMENT
Edition statement 3rd ed
260 ## - PUBLICATION, DISTRIBUTION, ETC. (IMPRINT)
Place of publication, distribution, etc New Delhi
Name of publisher, distributor, etc PHI Learning
Date of publication, distribution, etc 2012
270 ## - ADDRESS
Address M-97, Connaught Circus,
City New Delhi
Postal code 110001
300 ## - PHYSICAL DESCRIPTION
Extent x, 494 p. :
Dimensions 28cm (pbk)
Other physical details ill.
500 ## - GENERAL NOTE
General note includes biblographical references and indexes
650 ## - SUBJECT ADDED ENTRY--TOPICAL TERM
Topical term or geographic name as entry element Mineralogy.
9 (RLIN) 43312
942 ## - ADDED ENTRY ELEMENTS (KOHA)
Source of classification or shelving scheme Dewey Decimal Classification
Item type English Books
Call number suffix PER
Classification part 549
Holdings
Withdrawn status Lost status Source of classification or shelving scheme Damaged status Not for loan Collection code Home library Current library Date acquired Source of acquisition Cost, normal purchase price Total Checkouts Full call number Barcode Date last seen Copy number Cost, replacement price Koha item type
    Dewey Decimal Classification   Not For Loan Non-fiction D.B.Act.Division D.B.Act.Division 02/03/2012 DBAD/PUB 525.00   549 PER EN-88384 02/03/2012 1 525.00 English Books

© Delhi Public Library
Hit Counter
free hit counter